MARC details
| 000 -LEADER |
| fixed length control field |
03162cam a2200601Ki 4500 |
| 001 - CONTROL NUMBER |
| control field |
200454296 |
| 003 - CONTROL NUMBER IDENTIFIER |
| control field |
TR-AnTOB |
| 005 - DATE AND TIME OF LATEST TRANSACTION |
| control field |
20241115101531.0 |
| 006 - FIXED-LENGTH DATA ELEMENTS--ADDITIONAL MATERIAL CHARACTERISTICS |
| fixed length control field |
m o d |
| 007 - PHYSICAL DESCRIPTION FIXED FIELD--GENERAL INFORMATION |
| fixed length control field |
cr cnu---unuuu |
| 008 - FIXED-LENGTH DATA ELEMENTS--GENERAL INFORMATION |
| fixed length control field |
230824t20172017nju ob 001 0 eng d |
| 020 ## - INTERNATIONAL STANDARD BOOK NUMBER |
| International Standard Book Number |
9781119424291 |
| Qualifying information |
(e-book) |
|
| International Standard Book Number |
1119424291 |
| Qualifying information |
(e-book) |
|
| International Standard Book Number |
9781119424314 |
| Qualifying information |
(e-book) |
|
| International Standard Book Number |
1119424313 |
| Qualifying information |
(e-book) |
|
| Canceled/invalid ISBN |
9781119272953 |
|
| Canceled/invalid ISBN |
1119272955 |
| 035 ## - SYSTEM CONTROL NUMBER |
| System control number |
(OCoLC)983797287 |
|
| System control number |
(TR-AnTOB)200454296 |
| 040 ## - CATALOGING SOURCE |
| Original cataloging agency |
N$T |
| Language of cataloging |
eng |
| Description conventions |
rda |
| -- |
pn |
| Transcribing agency |
N$T |
| Modifying agency |
OCLCO |
| -- |
YDX |
| -- |
EBLCP |
| -- |
UIU |
| -- |
IDEBK |
| -- |
DG1 |
| -- |
STF |
| -- |
OCLCO |
| -- |
MERER |
| -- |
OCLCF |
| -- |
OCLCO |
| -- |
OTZ |
| -- |
CHVBK |
| -- |
OCLCQ |
| -- |
UPM |
| -- |
COO |
| -- |
UAB |
| -- |
OCL |
| -- |
OCLCO |
| -- |
OCLCQ |
| -- |
TR-AnTOB |
| 041 0# - LANGUAGE CODE |
| Language code of text/sound track or separate title |
İngilizce |
| 060 10 - NATIONAL LIBRARY OF MEDICINE CALL NUMBER |
| Classification number |
WR 17 |
| Item number |
H632 2017 |
| 072 #7 - SUBJECT CATEGORY CODE |
| Subject category code |
HEA |
| Subject category code subdivision |
039000 |
| Source |
bisacsh |
|
| Subject category code |
MED |
| Subject category code subdivision |
014000 |
| Source |
bisacsh |
|
| Subject category code |
MED |
| Subject category code subdivision |
022000 |
| Source |
bisacsh |
|
| Subject category code |
MED |
| Subject category code subdivision |
112000 |
| Source |
bisacsh |
|
| Subject category code |
MED |
| Subject category code subdivision |
045000 |
| Source |
bisacsh |
| 096 ## - LOCALLY ASSIGNED NLM-TYPE CALL NUMBER (OCLC) |
| Classification number |
WR17 |
| Item number |
H632 2017EBK |
| 130 0# - MAIN ENTRY--UNIFORM TITLE |
| Uniform title |
Hidradenitis suppurativa (Micali) |
| 9 (RLIN) |
143317 |
| 245 10 - TITLE STATEMENT |
| Title |
Hidradenitis suppurativa : |
| Remainder of title |
a diagnostic atlas / |
| Statement of responsibility, etc. |
edited by Giuseppe Micali. |
| 250 ## - EDITION STATEMENT |
| Edition statement |
First edition. |
| 264 #1 - PRODUCTION, PUBLICATION, DISTRIBUTION, MANUFACTURE, AND COPYRIGHT NOTICE |
| Place of production, publication, distribution, manufacture |
Hoboken, NJ : |
| Name of producer, publisher, distributor, manufacturer |
Wiley, |
| Date of production, publication, distribution, manufacture, or copyright notice |
2017. |
|
| Date of production, publication, distribution, manufacture, or copyright notice |
©2017 |
| 300 ## - PHYSICAL DESCRIPTION |
| Extent |
1 online resource |
| 336 ## - CONTENT TYPE |
| Content type term |
text |
| Content type code |
txt |
| Source |
rdacontent |
| 337 ## - MEDIA TYPE |
| Media type term |
computer |
| Media type code |
c |
| Source |
rdamedia |
| 338 ## - CARRIER TYPE |
| Carrier type term |
online resource |
| Carrier type code |
cr |
| Source |
rdacarrier |
| 340 ## - PHYSICAL MEDIUM |
| Source |
rdacc |
| Authority record control number or standard number |
http://rdaregistry.info/termList/RDAColourContent/1003 |
| 504 ## - BIBLIOGRAPHY, ETC. NOTE |
| Bibliography, etc. note |
Includes bibliographical references and index. |
| 505 0# - FORMATTED CONTENTS NOTE |
| Formatted contents note |
Epidemiology and pathogenesis / Vincenzo Bettoli and Giulia Ruina -- Clinical features and diagnostic clues / Maria Letizia Musumeci, Maria Rita Nasca, Piera Catalfo, Karishma Bhatt, and Giuseppe Micali -- Histopathology / Franco Rongioletti -- Classification and severity scales / Giuseppe Monfrecola and Matteo Megna -- Correlation between severity and its impact on quality of life / Nevena Skroza and Maria Concetta Potenza -- Comorbidities and complex syndromes / Gabriella Fabbrocini and Valerio De Vita -- Complications / Teresa Oranges, Valentina Dini, Andrea Chiricozzi, Salvatore Panduri, and Marco Romanelli -- Ultrasound imaging / Antonio Martorell -- Radiological imaging / Giuseppe Petrillo, Stefano Palmucci, and Claudia Trombatore -- Skin imaging : dematoscopy and videodermatoscopy / Francesco Lacarrubba, Anna Elisa Verzì, Federica Fiorentini, and Giuseppe Micali -- Differential diagnosis / Stefano Veraldi, Elena Guanziroli, and Mauro Barbareschi |
| 650 #0 - SUBJECT ADDED ENTRY--TOPICAL TERM |
| Topical term or geographic name entry element |
Skin |
| General subdivision |
Diseases |
| -- |
Diagnosis |
| Form subdivision |
Atlases |
|
| Topical term or geographic name entry element |
Hidradenitis Suppurativa |
| General subdivision |
diagnosis |
| 9 (RLIN) |
143318 |
| 655 #2 - INDEX TERM--GENRE/FORM |
| Genre/form data or focus term |
Atlas |
| 9 (RLIN) |
143319 |
|
| Genre/form data or focus term |
Electronic books |
| 9 (RLIN) |
2032 |
|
| Genre/form data or focus term |
Scientific atlases. |
| Source of term |
fast |
|
| Genre/form data or focus term |
Atlases. |
| Source of term |
lcgft |
| 700 1# - ADDED ENTRY--PERSONAL NAME |
| Personal name |
Micali, Giuseppe |
| Relator term |
editor |
| 9 (RLIN) |
143320 |
| 776 08 - ADDITIONAL PHYSICAL FORM ENTRY |
| Relationship information |
Print version: |
| Main entry heading |
Hidradenitis suppurativa (Micali). |
| Title |
Hidradenitis suppurativa. |
| Edition |
First edition. |
| Place, publisher, and date of publication |
Hoboken, NJ : Wiley, 2017 |
| International Standard Book Number |
9781119272953 |
| Record control number |
(DLC) 2017011126 |
| -- |
(OCoLC)975247045 |
| 856 40 - ELECTRONIC LOCATION AND ACCESS |
| Materials specified |
Wiley Online Library |
| Public note |
Online access link to the resource |
| Uniform Resource Identifier |
<a href="https://onlinelibrary.wiley.com/doi/book/10.1002/9781119424291">https://onlinelibrary.wiley.com/doi/book/10.1002/9781119424291</a> |
| 942 ## - ADDED ENTRY ELEMENTS (KOHA) |
| Source of classification or shelving scheme |
National Library of Medicine |
| Koha item type |
E-Book |